|
|
|
|
| LEADER |
00000cam a2200000 7i4500 |
| 001 |
0000001995 |
| 005 |
20040415.0 |
| 020 |
0 |
0 |
|a 9832181240 (v. 1) 9832181259 (v. 2)
|
| 090 |
0 |
0 |
|a 634.92
|b INS 2002
|
| 110 |
1 |
0 |
|a INSTITUT Penyelidikan Perhutanan Malaysia
|
| 245 |
1 |
2 |
|a A model project for cost analysis to achieve sustainable forest management (PD 31/95 Rev. 3(F))
|c Abdul Rahim Nik
|
| 260 |
0 |
0 |
|a Kuala Lumpur; Yokohama, Japan :
|b Institut Penyelidikan Perhutanan Malaysia; ITTO ,
|c 2001, 2002
|
| 300 |
|
|
|a 2 v. ;
|c 25 cm.
|
| 500 |
0 |
0 |
|a Includes bibliographical references
|
| 500 |
0 |
0 |
|a v. I : Synthesis report v. II : Main report
|
| 650 |
0 |
0 |
|a Forest management
|x Cost effectiveness
|
| 650 |
0 |
0 |
|a Sustainable forestry
|x Cost effectiveness
|
| 700 |
0 |
1 |
|a Abdul Rahim Nik
|
| 710 |
1 |
1 |
|a Institut Penyelidikan Perhutanan Malaysia (FRIM)
|
| 710 |
1 |
1 |
|a International Tropical Timber Organization (ITTO)
|
| 998 |
|
|
|a JPSM
|
| 999 |
|
|
|a 0000003318
|b Monograph
|c Open Shelf
|e Default branch
|
| 999 |
|
|
|a 0000003319
|b Monograph
|c Open Shelf
|e Default branch
|
| 999 |
|
|
|a 0000003390
|b Monograph
|c Open Shelf
|e Default branch
|
| 999 |
|
|
|a 0000004703
|b Monograph
|c Open Shelf
|e Default branch
|
| 999 |
|
|
|a 0000004704
|b Monograph
|c Open Shelf
|e Default branch
|